Ya Allah makbulkan doa-doa ku
| Main Author: | |
|---|---|
| Format: | Book |
| Published: |
Rawang :
Pustaka Ilmuwan ,
2010
|
| Subjects: |
MARC
| LEADER | 00000cam a2200000 7i4500 | ||
|---|---|---|---|
| 001 | 0000142364 | ||
| 005 | 20100810.0 | ||
| 020 | |a 9789675778018 | ||
| 090 | 0 | 0 | |a 297.3824 |b ABD |
| 100 | 0 | |a Abdul Aziz Ismail | |
| 245 | 1 | 0 | |a Ya Allah makbulkan doa-doa ku |c Abdul Aziz Ismail |
| 260 | |a Rawang : |b Pustaka Ilmuwan , |c 2010 | ||
| 300 | |a 296p. ; |c 21cm. | ||
| 650 | 0 | 0 | |a Islamic meditations |
| 650 | 0 | 0 | |a Islam |x Prayers and devotions |
| 999 | |a 00237592 |b BUKU |c PINJAMAN |e PERPUSTAKAAN KOMUNITI PETALING JAYA | ||